[Event "FRA-chT2 East 0607"]
[Site "France"]
[Date "2007.04.01"]
[Round "11.2"]
[White "Behr, Benjamin"]
[Black "Szabo, Gergely Andras"]
[Result "0-1"]
[WhiteElo "2113"]
[BlackElo "2496"]
[PlyCount "104"]
[EventDate "2006.10.15"]
[EventType "team"]
[EventRounds "11"]
[EventCountry "FRA"]
[SourceTitle "EXT 2008"]
[Source "ChessBase"]
[SourceDate "2007.11.25"]
[SourceVersion "1"]
[SourceVersionDate "2007.11.25"]
[SourceQuality "1"]
[WhiteTeam "Sarreguemines"]
[BlackTeam "Belfort"]
[WhiteTeamCountry "FRA"]
[BlackTeamCountry "FRA"]

1. e4 c5 2. Nf3 d6 3. d4 cxd4 4. Nxd4 Nf6 5. Nc3 a6 6. Be2 e6 7. 0-0 Be7 8. Be3 Nc6 9. a4 0-0 10. f4 Qc7 11. Nb3 b6 12. Bf3 Bb7 13. Qe2 Nd7 14. Qf2 Bf6 15. Rfd1 Rfd8 16. Qg3 Na5 17. Nxa5 bxa5 18. h4 Rab8 19. Rd2 Nb6 20. Be2 Bxc3 21. bxc3 Qxc3 22. Rb1 Bxe4 23. Rb3 Qc7 24. Bd4 f5 25. Bxa6 Nxa4 26. Bc4 Nc5 27. Rc3 Qe7 28. Ra3 a4 29. Bxc5 dxc5 30. Rxd8+ Qxd8 31. Bxe6+ Kh8 32. Rxa4 Qd1+ 33. Kh2 Rb1 34. Qf2 Qh1+ 35. Kg3 Rg1 36. Rxe4 fxe4 37. Bh3 Rd1 38. Qxc5 Qe1+ 39. Kh2 Rd8 40. Qe7 Rb8 41. Bf5 e3 42. Bd3 Qf2 43. f5 Qf4+ 44. Kh3 h5 45. Qg5 Qxg5 46. hxg5 Re8 47. Be2 Re5 48. g4 Rd5 49. Kg3 Rd2 50. Kf3 hxg4+ 51. Kxe3 g3 52. Kxd2 g2 0-1

[Event "Metz op 15th"]
[Site "Metz"]
[Date "1997.??.??"]
[Round "1"]
[White "Rausis, Igors"]
[Black "Behr, Benjamin"]
[Result "1-0"]
[WhiteElo "2470"]
[BlackElo "1770"]
[PlyCount "53"]
[EventDate "1997.04.??"]
[EventType "swiss"]
[EventRounds "9"]
[EventCountry "FRA"]
[SourceTitle "EXT 1999"]
[Source "ChessBase"]
[SourceDate "1998.11.16"]
[SourceVersion "1"]
[SourceVersionDate "1998.11.16"]
[SourceQuality "1"]

1. e4 c5 2. Nf3 d6 3. d4 cxd4 4. Qxd4 Nc6 5. Bb5 Qa5+ 6. Nc3 Bd7 7. Bxc6 Bxc6 8. Bd2 e5 9. Qd3 Nf6 10. Nd5 Qd8 11. Nxf6+ Qxf6 12. 0-0 Qg6 13. Rfe1 Be7 14. Bb4 0-0 15. Nxe5 dxe5 16. Bxe7 Rfe8 17. Bh4 f5 18. f3 Qh6 19. Qc4+ Kh8 20. Bg3 f4 21. Bf2 b6 22. Rad1 Qf6 23. Rd2 Red8 24. Red1 Rxd2 25. Rxd2 Rd8 26. Qxc6 Rxd2 27. Qe8+ 1-0